| 000 | 00560nam a2200217Ia 4500 | ||
|---|---|---|---|
| 003 | OSt | ||
| 005 | 20250508140721.0 | ||
| 008 | 210423s1991 xx 000 0 und d | ||
| 020 | _a8185336520 | ||
| 040 | _cAL | ||
| 041 | _aeng | ||
| 082 |
_a363.7 _223 _bROSE |
||
| 100 |
_aRosenbaum Walter A _994080 |
||
| 245 | _aEnvironemental politics and policy. | ||
| 260 |
_aNew Delhi _bE W P Publications _c1991 |
||
| 300 | _bPB | ||
| 365 | _cINR | ||
| 650 |
_aEnvironmental Problems _994081 |
||
| 906 | _aEnvironemental ; policy ; politics | ||
| 942 |
_2ddc _cBK |
||
| 999 |
_c162798 _d162798 |
||